Guia per a la contractació d'obres i treballs de consultoria i assistència : aplicació de la Llei 13/1995 de contractes de les administracions públiques a l'Administració Local / aplicació de la Llei 13/1995 de contractes de les administracions públiques a l'Administració Local /
ISBN:
84-7794-457-1
Publicado:
Barcelona :
Diputació de Barcelona, Àrea de Cooperació, Oficina Tècnica de Cooperació ,
1996
Descripción Física:
86 p. ; 24 cm
Colección:
OTC manuals de gestió
; 7
Materias:
Construcció -- Contractes i especificacions
; Adjudicació de contractes -- Espanya
; Obres públiques -- Dret i legislació -- Espanya
Idioma:
Catalán
MARC
| LEADER | 00000nam a2200000Ia 4500 | ||
|---|---|---|---|
| 001 | 11447 | ||
| 008 | 160829s1996 spc xx s cat c | ||
| 020 | |a 84-7794-457-1 | ||
| 040 | |a AGDB | ||
| 080 | |a M-2-89 | ||
| 100 | 1 | |a Valls Hausmann, M. Goretti |9 31951 | |
| 245 | 1 | 0 | |a Guia per a la contractació d'obres i treballs de consultoria i assistència : |b aplicació de la Llei 13/1995 de contractes de les administracions públiques a l'Administració Local / |c M. Goretti Valls Hausmann |
| 260 | |a Barcelona : |b Diputació de Barcelona, Àrea de Cooperació, Oficina Tècnica de Cooperació, |c 1996 | ||
| 300 | |a 86 p. ; |c 24 cm | ||
| 490 | 1 | |a OTC manuals de gestió ; |v 7 | |
| 650 | |a Construcció |x Contractes i especificacions |9 31952 | ||
| 650 | |a Adjudicació de contractes |x Espanya |9 31953 | ||
| 650 | |a Obres públiques |x Dret i legislació |x Espanya |9 44832 | ||
| 710 | |a Barcelona (Catalunya : Província). |b Oficina Tècnica de Cooperació |9 53580 | ||
| 830 | 0 | |9 56040 |a OTC manuals de gestió |v 7 | |
| 901 | |a Arxiu | ||
| 942 | |n 1 |2 udc |c ARXIU | ||
| 952 | |0 0 |1 0 |4 0 |6 M289 |7 1 |9 45815 |a Arxiu |b Arxiu |d 2016-12-01 |l 0 |o M-2-89 |p 11447 |r 2016-12-01 00:00:00 |w 2016-12-01 |y ARXIU | ||
| 999 | |c 49315 |d 49315 | ||